ბათუმის შოთა რუსთაველის სახელმწიფო უნივერსიტეტის ბიბლიოთეკა

კულტურის სოციოლოგია : (ბიბ.ჩანაწერი № 58969)

000 -ლიდერი
ფიქსირებული სიგრძის საკონტროლო ველი 01099nam a22002057a 4500
003 - საკონტროლო ნომრის იდენტიფიკატორი
საკონტროლო ველი Ge_BSU
005 - ბოლო ოპერაციის თარიღი და დრო
საკონტროლო ველი 20221025144239.0
008 - ფიქსირებული სიგრძის მონაცემთა ელემენტები - ზოგადი ინფორმაცია
ფიქსირებული სიგრძის საკონტროლო ველი 221025s2006 ge ||||| |||| 00| 0 geo d
020 ## - წიგნის საერთაშორისო სტანდარტული ნომერი
International Standard Book Number 9994087274
041 ## - ენის კოდი
Language code of text/sound track or separate title geo
080 ## - უნივერსალური ათობითი კლასიფიკაციის ინდექსი
Universal Decimal Classification number 316.7(042.4) ა-87
100 ## - მთავარი ჩანაწერი - პიროვნების სახელი
Personal name ასათიანი, მარიკა
9 (RLIN) 15534
245 ## - ცნობა სათაურის შესახებ
Title კულტურის სოციოლოგია :
Remainder of title სალექციო კურსი სოც. მეცნ. მაგისტრატურისათვის /
Statement of responsibility, etc მარიკა ასათიანი ; [მთ. რედ.: მარინე ჩიტაშვილი, ენობრ. რედ.: ლია კაჭარავა].
264 ## - წარმოების, გამოცემის, დისტრიბუციის და სხვა ცნობები
გამოცემის, წარმოების, დისტრიბუციის... ადგილი თბილისი :
გამოცემის, წარმოების, დისტრიბუციის... სახელწოდება სოციალურ მეცნიერებათა ცენტრი,
გამოცემის, წარმოების, დისტრიბუციის... თარიღი 2006.
300 ## - ფიზიკური აღწერა
Extent 86 გვ. ;
Other physical details 29 სმ.
490 ## - სერიის ცნობა
Series statement სოციალურ მეცნიერებათა სერია
520 ## - SUMMARY, ETC.
Summary, etc რეზ. ინგლ. ენ.
653 ## - INDEX TERM--UNCONTROLLED
Uncontrolled term კულტურის სოციოლოგია
942 ## - ADDED ENTRY ELEMENTS (KOHA)
Source of classification or shelving scheme
Koha item type წიგნი
ეგზემპლარები
ჩამოწერის სტატუსი დაკარგული ეგზემპლარის სტატუსი კლასიფიკაციის წყარო ან თაროზე გაწყობის სქემა დაზიანების სტატუსი არ გაიცემა მუდმივი მდებარეობა (დაცვის ადგილი) ამჟამინდელი ადგილსამყოფელი თაროზე განთავსების ადგილი შეძენის თარიღი ღირებულება, შესყიდვის ნორმალური ფასი სრული შენახვის შიფრი შტრიხკოდი ბოლო ოპერაციის თარიღი ეგზემპლარის მიმდევრობითი ნომერი (კეტერი?) ფასის ძალაში შესვლის თარიღი ეგზემპლარის სახეობა საჯარო შენიშვნა
          ბათუმის შოთა რუსთაველის სახელმწიფო უნივერსიტეტის მთავარი ბიბლიოთეკა ბათუმის შოთა რუსთაველის სახელმწიფო უნივერსიტეტის მთავარი ბიბლიოთეკა წიგნსაცავი 2022-10-25 5.00 316.7(042.4) ა-87 28768 2022-10-25 28768 2022-10-25 წიგნი 5 ლ.